Strong growth of new orders supports rise in construction sector activity (Record no. 113782)

MARC details
000 -LEADER
fixed length control field 00911cad a22002055a 4500
001 - CONTROL NUMBER
control field L155735
008 - FIXED-LENGTH DATA ELEMENTS--GENERAL INFORMATION
fixed length control field 120413e20120202xxk f 000 0 eng d
035 ## - SYSTEM CONTROL NUMBER
System control number (Sirsi) u155735
041 0# - LANGUAGE CODE
Language code of text/sound track or separate title eng
110 2# - MAIN ENTRY--CORPORATE NAME
Corporate name or jurisdiction name as entry element Markit
9 (RLIN) 5915
245 00 - TITLE STATEMENT
Title Strong growth of new orders supports rise in construction sector activity
Medium [electronic resource]
260 ## - PUBLICATION, DISTRIBUTION, ETC.
Date of publication, distribution, etc. 2012
490 ## - SERIES STATEMENT
Series statement Markit/CIPS UK Construction PMI News Release
Volume/sequential designation 3 April 2012
520 ## - SUMMARY, ETC.
Summary, etc. Key points from Markit/CIPS UK Construction PMI are: new orders expand at fastest rate in four-and-a-half years, commercial the strongest performing sub-sector, and confidence continues to improve.
590 ## - LOCAL NOTE (RLIN)
Local note KA
651 #4 - SUBJECT ADDED ENTRY--GEOGRAPHIC NAME
Geographic name United Kingdom
Chronological subdivision
690 ## - LOCAL SUBJECT ADDED ENTRY--TOPICAL TERM (OCLC, RLIN)
Topical term or geographic name as entry element Construction management
9 (RLIN) 6230
856 40 - ELECTRONIC LOCATION AND ACCESS
Uniform Resource Identifier <a href="https://www.markiteconomics.com/MarkitFiles/Pages/ViewPressRelease.aspx?ID=9390">https://www.markiteconomics.com/MarkitFiles/Pages/ViewPressRelease.aspx?ID=9390</a>
Public note View the news release free of charge at www.markiteconomics.com
942 ## - ADDED ENTRY ELEMENTS (KOHA)
Suppress in OPAC 0
Holdings
Withdrawn status Lost status Source of classification or shelving scheme Damaged status Not for loan Home library Current library Shelving location Date acquired Total Checkouts Full call number Barcode Date last seen Copy number Price effective from Koha item type
    Dewey Decimal Classification     Virtual Virtual Online 13/04/2012   ONLINE PUBLICATION 155735-2001 06/08/2019 1 06/08/2019 Book